Mi hermano y su guitarra / (Registro nro. 6446)
[ vista simple ]
| 000 -LEADER | |
|---|---|
| fixed length control field | 01815nam a22002177a 4500 |
| 003 - CONTROL NUMBER IDENTIFIER | |
| control field | OSt |
| 005 - DATE AND TIME OF LATEST TRANSACTION | |
| control field | 20250612121657.0 |
| 008 - FIXED-LENGTH DATA ELEMENTS--GENERAL INFORMATION | |
| fixed length control field | 200207s2017 ck ||||jr|||| 00| f spa d |
| 020 ## - INTERNATIONAL STANDARD BOOK NUMBER | |
| International Standard Book Number | 9789587576771 |
| 040 ## - CATALOGING SOURCE | |
| Original cataloging agency | CO-JMCR |
| Transcribing agency | CO-JMCR |
| 082 ## - DEWEY DECIMAL CLASSIFICATION NUMBER | |
| Classification number | J-N |
| Item number | TORm |
| 100 1# - MAIN ENTRY--PERSONAL NAME | |
| Personal name | Toro, María Paula, |
| Relator term | autora |
| 9 (RLIN) | 245 |
| 245 10 - TITLE STATEMENT | |
| Title | Mi hermano y su guitarra / |
| Statement of responsibility, etc. | M. P. Toro |
| 250 ## - EDITION STATEMENT | |
| Edition statement | Primera edición |
| 260 ## - PUBLICATION, DISTRIBUTION, ETC. | |
| Place of publication, distribution, etc. | Bogotá : |
| Name of publisher, distributor, etc. | Intermedio, |
| Date of publication, distribution, etc. | 2017 |
| 300 ## - PHYSICAL DESCRIPTION | |
| Extent | 138 páginas ; |
| Dimensions | 23 cm. |
| 500 ## - GENERAL NOTE | |
| General note | Incluye datos biográficos del autor |
| 520 ## - SUMMARY, ETC. | |
| Summary, etc. | ¿Qué pasa cuando mueres antes de llegar a ser quien debes ser, cuando te arrebatan tus sueños en el momento mismo en que brutalmente te roban la vida? la historia de Gabriela y su hermano Daniel es una bella y conmovedora respuesta a este interrogante. Gabriela muere a sus catorce años en el cruento atentado del Club El Nogal de Bogotá. Sus sueños, sus ganas de vivir, fueron truncados de un tajo y al momento de atravesar el túnel que conecta la vida con la muerte, no puede hacerlo. Está atada a la vida por todo lo que quedó pendiente, que la luz que guía a la mayoría de las almas para ella es tan solo un tenue resplandor que no alumbra su camino. Se queda entonces a la orilla de la vida y elige seguir vivienda al lado de Daniel, su hermano menor, que por entonces tenía ocho años y podía verla y hablar con ella. Se convierte en su ángel, lo protege y lo guía para descubrir su gran talento para la música, vive con él sus luchas y glorias hasta que crece y alcanza la fama, no solo por el amor que le tiene sino también como una forma de vivir lo que a ella le quedó por vivir, pues la música es para su hermano lo que la escritura de historias era para ella cuando le robaron la vida. |
| 650 14 - SUBJECT ADDED ENTRY--TOPICAL TERM | |
| Topical term or geographic name entry element | Novela colombiana |
| 9 (RLIN) | 25 |
| 942 ## - ADDED ENTRY ELEMENTS (KOHA) | |
| Source of classification or shelving scheme | Dewey Decimal Classification |
| Koha item type | Books |
| Withdrawn status | Lost status | Source of classification or shelving scheme | Damaged status | Not for loan | Home library | Current library | Date acquired | Source of acquisition | Total Checkouts | Full call number | Barcode | Date last seen | Date last checked out | Copy number | Price effective from | Koha item type |
|---|---|---|---|---|---|---|---|---|---|---|---|---|---|---|---|---|
| Dewey Decimal Classification | Biblioteca Pública José María del Castillo y Rada | Biblioteca Pública José María del Castillo y Rada | 02/07/2020 | Donación | 1 | J-N TORm | 201809681 | 08/26/2022 | 08/12/2022 | Ej.1 | 02/07/2020 | Books |